UEFA Women's Euro 2022 Countries - Statistics

General Stats
  • This quiz has been taken 592 times
  • The average score is 14 of 16
Answer Stats
Group Team % Correct
A England
98%
B Germany
97%
B Spain
96%
D France
93%
C Sweden
93%
A Norway
92%
D Italy
91%
A Austria
87%
C Netherlands
87%
B Denmark
85%
C Portugal
85%
C Switzerland
85%
D Belgium
81%
B Finland
78%
D Iceland
68%
A Northern Ireland
57%
No matching quizzes found
Score Distribution
Percent of People with Each Score
Percentile by Number Answered
Your Score History
You have not taken this quiz